Places Mentioned in "Back in the U.S.S.R." - Statistics

General Stats
  • This quiz has been taken 24 times
  • The average score is 3 of 5
Answer Stats
Answer % Correct
Moscow
80%
Miami Beach
60%
Ukraine
60%
The U.S.S.R.
55%
Georgia
50%
No matching quizzes found
Score Distribution
Percent of People with Each Score
Percentile by Number Answered
Your Score History
You have not taken this quiz